Roblox Valkyries - Statistics

General Stats
  • This quiz has been taken 28 times
    27 since last reset
  • The average score is 8 of 16
Answer Stats
Answer % Correct
Ice Valkyrie
78%
Valkyrie Helm
78%
Blackvalk
72%
Redvalk
72%
Violet Valkyrie
72%
Emerald Valkyrie
67%
Summer Valk
61%
Sparkle Time Valkyrie
50%
Tixvalk
50%
Valkyrie of the Metaverse
44%
Festive Sword Valkyrie
39%
Orinthian Valkyrie
28%
Sinister Valk
28%
DIY Valkyrie
22%
Valkyrie 3000
22%
Knights of the Splintered Sky Winged Headdress
17%
No matching quizzes found
Score Distribution
Percent of People with Each Score
Percentile by Number Answered
Your Score History
You have not taken this quiz since the last reset